000 00475nam a22001577a 4500
003 macl
005 20180726132501.0
008 180726b xxu||||| |||| 00| 0 eng d
040 _cmacl
082 _a080
100 _aMadhodas mundhra
_972814
245 _aसूखी जीवन
260 _aदिल्‍ली
_bभारतीय विध्‍या मंदिर
_c१९९९
650 _aसामान्‍य वर्ग
_936
942 _2ddc
_cHIN
999 _c58266
_d58266